000
00352nam a22001337a 4500
003
SGT
020
_a
8176210382
082
_a
080
_b
A98C
100
_a
चोपड़ा, कृष्ण
245
_a
आपका जीवन आपको हाथों में
260
_b
फुल सर्कल
_c
1998
300
_a
306
942
_2
ddc
_c
BK
999
_c
31548
_d
31548